Balance, consolidación y desafíos en procesos de familia con detenimiento en la sentencia oral / (Registro nro. 5862)
[ vista simple ]
| 000 -LEADER | |
|---|---|
| fixed length control field | 01020nab a22002057a 4500 |
| 003 - CONTROL NUMBER IDENTIFIER | |
| control field | OSt |
| 005 - DATE AND TIME OF LATEST TRANSACTION | |
| control field | 20260108225155.0 |
| 008 - FIXED-LENGTH DATA ELEMENTS--GENERAL INFORMATION | |
| fixed length control field | 190514b xxu||||| |||| 00| 0 spa d |
| 040 ## - CATALOGING SOURCE | |
| Transcribing agency | PJ |
| 100 ## - MAIN ENTRY--PERSONAL NAME | |
| 9 (RLIN) | 4225 |
| Personal name | Pauletti, Ana Clara |
| 245 10 - TITLE STATEMENT | |
| Title | Balance, consolidación y desafíos en procesos de familia con detenimiento en la sentencia oral / |
| Statement of responsibility, etc | Ana Clara Pauletti. |
| 300 ## - PHYSICAL DESCRIPTION | |
| Extent | p. 246-259 |
| 505 ## - FORMATTED CONTENTS NOTE | |
| Formatted contents note | Sumario: I. A diez años de la vigencia del nuevo código de fondo.— II. Regulaciones procesales en materia familiar.— III. Valoración de la exigencia de especialidad de la judicatura.— IV. La nueva oralidad como desafío.— V. Sentencia oral en procesos de familia. |
| 505 ## - FORMATTED CONTENTS NOTE | |
| Title | Si te interesa el texto, comunicate a koha@justierradelfuego.gov.ar |
| 650 #0 - SUBJECT ADDED ENTRY--TOPICAL TERM | |
| 9 (RLIN) | 1497 |
| Topical term or geographic name as entry element | CODIGO CIVIL Y COMERCIAL |
| 650 #0 - SUBJECT ADDED ENTRY--TOPICAL TERM | |
| 9 (RLIN) | 967 |
| Topical term or geographic name as entry element | DERECHO DE FAMILIA |
| 650 #0 - SUBJECT ADDED ENTRY--TOPICAL TERM | |
| 9 (RLIN) | 3874 |
| Topical term or geographic name as entry element | PROCESOS DE FAMILIA |
| 773 0# - HOST ITEM ENTRY | |
| Host Biblionumber | 2844 |
| Host Itemnumber | 3222 |
| Place, publisher, and date of publication | Buenos Aires : AbeledoPerrot, 1989- |
| Title | Derecho de familia. N° 120 - Julio 2025 |
| International Standard Book Number | 18511201 |
| 942 ## - ADDED ENTRY ELEMENTS (KOHA) | |
| Source of classification or shelving scheme | |
| Koha item type | Analítica Artículo de Revista |
No hay ítems disponibles.
